[Event "FRA-chT Top 12"]
[Site "Chalons en Champagne"]
[Date "2021.06.27"]
[Round "4.6"]
[White "Netzer, Jacques"]
[Black "Ruhlmann, Helene"]
[Result "1-0"]
[WhiteElo "2269"]
[BlackElo "1816"]
[PlyCount "63"]
[EventDate "2021.06.24"]
[EventType "team-tourn"]
[EventRounds "11"]
[EventCountry "FRA"]
[SourceTitle "CBM 203 Extra"]
[Source "ChessBase"]
[SourceDate "2021.09.30"]
[SourceVersion "1"]
[SourceVersionDate "2021.09.30"]
[SourceQuality "1"]
[WhiteTeam "Mulhouse Philidor"]
[BlackTeam "Echiquier de l'Erdre"]
[WhiteTeamCountry "FRA"]
[BlackTeamCountry "FRA"]

1. e4 c5 2. d3 e6 3. g3 d5 4. Nd2 Nc6 5. Bg2 Nf6 6. Nh3 Be7 7. 0-0 0-0 8. f4 b5 9. e5 Nd7 10. c3 Qc7 11. Nf3 d4 12. cxd4 cxd4 13. Nxd4 Bc5 14. Be3 Bb7 15. Nc2 Rad8 16. d4 Nb6 17. Ng5 Be7 18. b3 h6 19. Ne4 Nd5 20. Bf2 a5 21. Rc1 a4 22. Qh5 Ra8 23. Ne1 axb3 24. axb3 Ra3 25. Nd3 Rxb3 26. Nec5 Ra3 27. f5 Nc3 28. fxe6 Bc8 29. exf7+ Rxf7 30. Rxc3 Rf5 31. Bd5+ Kh7 32. Qe8 1-0

[Event "FRA-chT Top 12"]
[Site "Chalons en Champagne"]
[Date "2021.06.26"]
[Round "3.4"]
[White "Bellahcene, Bilel"]
[Black "Netzer, Jacques"]
[Result "1-0"]
[WhiteElo "2499"]
[BlackElo "2269"]
[PlyCount "79"]
[EventDate "2021.06.24"]
[EventType "team-tourn"]
[EventRounds "11"]
[EventCountry "FRA"]
[SourceTitle "CBM 203 Extra"]
[Source "ChessBase"]
[SourceDate "2021.09.30"]
[SourceVersion "1"]
[SourceVersionDate "2021.09.30"]
[SourceQuality "1"]
[WhiteTeam "Bischwiller"]
[BlackTeam "Mulhouse Philidor"]
[WhiteTeamCountry "FRA"]
[BlackTeamCountry "FRA"]

1. d4 Nf6 2. Nf3 e6 3. c4 Bb4+ 4. Nc3 d6 5. Qc2 Nbd7 6. g3 b6 7. Bg2 Bb7 8. 0-0 Bxc3 9. Qxc3 a5 10. b3 0-0 11. Rd1 Qb8 12. a4 Be4 13. Bf1 c6 14. Bf4 Re8 15. Nd2 Bg6 16. Bg2 e5 17. dxe5 dxe5 18. Be3 Qc7 19. h3 Rad8 20. b4 axb4 21. Qxb4 c5 22. Qb5 Nf8 23. a5 bxa5 24. Bxc5 Re6 25. Be3 e4 26. Rxa5 Rc6 27. Rda1 Ne6 28. Ra7 Qd6 29. Ra8 Rcc8 30. Rxc8 Rxc8 31. Qb7 Qd7 32. Nxe4 Bxe4 33. Bxe4 Qxb7 34. Bxb7 Rxc4 35. Ra8+ Nf8 36. Bf4 Rd4 37. Kg2 N6d7 38. Bc6 Nb6 39. Rb8 Nc4 40. e4 1-0

[Event "Titled Tuesday intern op1 3rd March"]
[Site "Chess.com INT"]
[Date "2020.03.03"]
[Round "1"]
[White "Netzer, Jacques"]
[Black "Bryakin, Mikhail"]
[Result "0-1"]
[WhiteElo "2257"]
[BlackElo "2451"]
[PlyCount "66"]
[EventDate "2020.03.03"]
[EventType "swiss (blitz)"]
[EventRounds "10"]
[EventCountry "USA"]
[SourceTitle "EXT 2021"]
[Source "ChessBase"]
[SourceDate "2020.10.23"]
[SourceVersion "1"]
[SourceVersionDate "2020.10.23"]
[SourceQuality "1"]

1. e4 d5 2. exd5 Nf6 3. Bb5+ Nbd7 4. c4 a6 5. Ba4 b5 6. cxb5 Nxd5 7. Nc3 N5b6 8. Bc2 axb5 9. Nf3 b4 10. Ne2 g6 11. 0-0 Bg7 12. d4 0-0 13. Re1 Bb7 14. Nf4 Nd5 15. Bb3 N7b6 16. Qe2 e6 17. Ne5 Nxf4 18. Bxf4 Nd5 19. Bg3 h5 20. h4 Bf6 21. Nxg6 fxg6 22. Qxe6+ Kg7 23. Rac1 Re8 24. Qxe8 Qxe8 25. Rxe8 Rxe8 26. Bxd5 Bxd5 27. Rxc7+ Re7 28. Rc5 Bxa2 29. Rb5 b3 30. d5 Bxb2 31. d6 Rd7 32. Rc5 Kf7 33. Rc7 Ke6 0-1

[Event "Titled Tuesday intern op1 3rd March"]
[Site "Chess.com INT"]
[Date "2020.03.03"]
[Round "4"]
[White "Tisaj, Domen"]
[Black "Netzer, Jacques"]
[Result "1-0"]
[WhiteElo "2239"]
[BlackElo "2257"]
[PlyCount "63"]
[EventDate "2020.03.03"]
[EventType "swiss (blitz)"]
[EventRounds "10"]
[EventCountry "USA"]
[SourceTitle "EXT 2021"]
[Source "ChessBase"]
[SourceDate "2020.10.23"]
[SourceVersion "1"]
[SourceVersionDate "2020.10.23"]
[SourceQuality "1"]

1. Nf3 Nf6 2. g3 g6 3. Bg2 Bg7 4. 0-0 0-0 5. b3 d5 6. Bb2 c5 7. d4 cxd4 8. Nxd4 Nc6 9. Nxc6 bxc6 10. c4 e6 11. Nc3 Ba6 12. cxd5 cxd5 13. Rc1 Rc8 14. Re1 Qa5 15. Na4 Rxc1 16. Qxc1 Rc8 17. Qa1 Rc2 18. Rc1 Rxc1+ 19. Qxc1 Ne8 20. Bxg7 Kxg7 21. e3 Nd6 22. Bf1 Bxf1 23. Qxf1 Qc7 24. Qa1+ Kg8 25. Kg2 Ne4 26. Qb2 h5 27. h4 a5 28. Qe2 Qc6 29. f3 Nc3 30. Qc2 Qb5 31. Nxc3 Qc5 32. Qd2 1-0

[Event "Titled Tuesday intern op1 4th Febr"]
[Site "Chess.com INT"]
[Date "2020.02.04"]
[Round "8"]
[White "Manukian, Artak"]
[Black "Netzer, Jacques"]
[Result "1-0"]
[WhiteElo "2196"]
[BlackElo "2260"]
[PlyCount "73"]
[EventDate "2020.02.04"]
[EventType "swiss (blitz)"]
[EventRounds "10"]
[EventCountry "USA"]
[SourceTitle "EXT 2021"]
[Source "ChessBase"]
[SourceDate "2020.10.23"]
[SourceVersion "1"]
[SourceVersionDate "2020.10.23"]
[SourceQuality "1"]

1. e4 e5 2. Nf3 Nc6 3. d4 exd4 4. Nxd4 Nf6 5. Nxc6 bxc6 6. e5 Qe7 7. Qe2 Nd5 8. c4 Ba6 9. b3 g6 10. Bb2 Bg7 11. g3 Qb4+ 12. Qd2 Qxd2+ 13. Nxd2 Nb4 14. Kd1 c5 15. Bg2 0-0-0 16. Bc3 Nd3 17. Kc2 Nxf2 18. Rhf1 Ng4 19. Rxf7 Bxe5 20. Re1 Rde8 21. Bh3 h5 22. Bxg4 Bxc3 23. Bxd7+ Kd8 24. Rxe8+ Rxe8 25. Bxe8 Kxe8 26. Rxc7 Bd4 27. Ne4 Kd8 28. Rxa7 Bc8 29. Nd6 Bg4 30. Kd3 Bg1 31. h4 Bf2 32. Ne4 Bf5 33. Rg7 Bxg3 34. a4 Bxh4 35. a5 Bf6 36. Rf7 Be5 37. a6 1-0

[Event "EU-Cup 35th"]
[Site "Ulcinj"]
[Date "2019.11.13"]
[Round "4.13"]
[White "Netzer, Jacques"]
[Black "Repplinger, Marc"]
[Result "0-1"]
[WhiteElo "2284"]
[BlackElo "2211"]
[PlyCount "170"]
[EventDate "2019.11.10"]
[EventType "team-swiss"]
[EventRounds "7"]
[EventCountry "MNE"]
[SourceTitle "CBM 193 Extra"]
[Source "ChessBase"]
[SourceDate "2020.01.31"]
[SourceVersion "1"]
[SourceVersionDate "2020.01.31"]
[SourceQuality "1"]
[WhiteTeam "Mulhouse"]
[BlackTeam "Echternach Sprenger"]
[WhiteTeamCountry "FRA"]
[BlackTeamCountry "LUX"]

1. e4 e6 2. d4 d5 3. Nd2 Be7 4. Bd3 c5 5. dxc5 Nf6 6. Qe2 0-0 7. Ngf3 a5 8. 0-0 Na6 9. e5 Nd7 10. c3 Naxc5 11. Bc2 b5 12. Nd4 Qc7 13. Re1 b4 14. cxb4 axb4 15. N2f3 Ba6 16. Qe3 h6 17. Bd2 Rab8 18. Rac1 Qb7 19. h4 Rfc8 20. Nh2 Ne4 21. Bxe4 dxe4 22. Rxc8+ Rxc8 23. Qxe4 Qxe4 24. Rxe4 Nc5 25. Re3 Nd3 26. Nhf3 Nxb2 27. Rb3 Nd3 28. Ne1 Nxe1 29. Bxe1 Rc1 30. Nf3 Ra1 31. Kh2 Bc4 32. Rxb4 Bxb4 33. Bxb4 Rxa2 34. Bc5 Bd5 35. Kg3 Rc2 36. Be3 h5 37. Nd4 Ra2 38. Nf3 Ra4 39. Bf4 Kh7 40. Ng5+ Kg6 41. f3 f6 42. exf6 gxf6 43. Nh3 e5 44. Be3 Kf5 45. Bh6 Ra2 46. Bc1 Bc4 47. Be3 Bf1 48. Nf2 Ke6 49. Kh2 f5 50. Kg1 Be2 51. Nh3 f4 52. Bf2 Kf5 53. Ng5 Bd3 54. Nh3 Bc4 55. Ng5 Bd5 56. Nh3 e4 57. fxe4+ Bxe4 58. Ng5 Bd5 59. Nf3 Ra1+ 60. Ne1 Be4 61. Kh2 Kg4 62. Kg1 Ra2 63. Kf1 Rd2 64. Kg1 Rd1 65. Kh2 Rb1 66. Kg1 Bd3 67. Kh2 Be2 68. Kg1 Rb3 69. Kh2 Bc4 70. Nf3 Bd5 71. Ne1 Be4 72. Kg1 Rb8 73. Kh2 Rg8 74. Kh1 Kf5 75. Kh2 Ke6 76. Kh1 Kd5 77. Kh2 Kc4 78. Bb6 Rg4 79. Bd8 Kb3 80. Bf6 Ka2 81. Bg5 Kb1 82. Nf3 Kc2 83. Ne1+ Kd1 84. Nf3 Ke2 85. Ng1+ Kf1 0-1

[Event "GRB-ch Universities"]
[Site "Birmingham"]
[Date "2016.02.21"]
[Round "4.2"]
[White "Eggink, Mateusz"]
[Black "Netzer, Jacques"]
[Result "1-0"]
[WhiteElo "2120"]
[BlackElo "2318"]
[PlyCount "79"]
[EventDate "2016.02.20"]
[EventType "team-swiss"]
[EventRounds "5"]
[EventCountry "ENG"]
[SourceTitle "CBM 170 Extra"]
[Source "ChessBase"]
[SourceDate "2016.02.25"]
[SourceVersion "1"]
[SourceVersionDate "2016.02.25"]
[SourceQuality "1"]
[WhiteTeam "Warwicks Select"]
[BlackTeam "Imperial"]
[WhiteTeamCountry "ENG"]
[BlackTeamCountry "ENG"]

1. e4 e5 2. Nf3 Nc6 3. d4 exd4 4. Nxd4 Nf6 5. Nxc6 bxc6 6. e5 Qe7 7. Qe2 Nd5 8. Nd2 g6 9. c4 Nb6 10. Nf3 h6 11. b3 Bg7 12. Bb2 Bb7 13. Qe3 0-0-0 14. 0-0-0 Rhe8 15. Bd3 c5 16. Rhe1 d6 17. Be4 Nd7 18. Bxb7+ Kxb7 19. exd6 Bxb2+ 20. Kxb2 Qf6+ 21. Qc3 Rxe1 22. Rxe1 cxd6 23. Re4 Qf5 24. Qe3 Qf6+ 25. Kb1 Nb6 26. Rf4 Qg7 27. Re4 Rd7 28. Re8 f5 29. Re6 g5 30. Qd3 Qf7 31. Rxd6 Rxd6 32. Qxd6 f4 33. Qxc5 Qd7 34. Qd4 Qf5+ 35. Kb2 Qa5 36. c5 Nc8 37. Qd5+ Kb8 38. Ne5 Qe1 39. Nd7+ Kc7 40. Qe5+ 1-0

[Event "London Classic rapid op 7th"]
[Site "London"]
[Date "2015.12.13"]
[Round "6"]
[White "Netzer, Jacques"]
[Black "Speelman, Jonathan S"]
[Result "0-1"]
[WhiteElo "2318"]
[BlackElo "2517"]
[PlyCount "92"]
[EventDate "2015.12.12"]
[EventType "swiss (rapid)"]
[EventRounds "10"]
[EventCountry "ENG"]
[SourceTitle "CBM 169 Extra"]
[Source "ChessBase"]
[SourceDate "2015.12.18"]
[SourceVersion "1"]
[SourceVersionDate "2015.12.18"]
[SourceQuality "1"]

1. e4 c6 2. c4 d5 3. exd5 cxd5 4. cxd5 Nf6 5. Nc3 Nxd5 6. Nf3 Nc6 7. d4 a6 8. Bc4 Be6 9. Bb3 Nxc3 10. bxc3 Bd5 11. 0-0 e6 12. Re1 Be7 13. Qd3 0-0 14. Bc2 g6 15. h4 Bxf3 16. Qxf3 Bxh4 17. Bh6 Re8 18. Rab1 Qd7 19. Re4 Be7 20. Rf4 Bf8 21. Qh3 Bxh6 22. Qxh6 f5 23. a4 Rac8 24. Rf3 Nxd4 25. Rd3 Rxc3 26. Rxd4 Qxd4 27. Rxb7 Qh8 28. Bb3 Rxb3 29. Rxb3 Qa1+ 30. Kh2 Qe5+ 31. f4 Qg7 32. Qxg7+ Kxg7 33. Rb7+ Kf6 34. Ra7 Rc8 35. Rxa6 Rc4 36. Kg3 h6 37. a5 Ra4 38. Ra8 g5 39. fxg5+ hxg5 40. a6 Ra3+ 41. Kf2 g4 42. a7 Ke5 43. g3 Ke4 44. Re8 Ra2+ 45. Kg1 Rxa7 46. Rxe6+ Kf3 0-1

[Event "Oberliga Baden 1213"]
[Site "Baden"]
[Date "2013.03.17"]
[Round "8.6"]
[White "Tammert, Guenther"]
[Black "Netzer, Jacques"]
[Result "0-1"]
[WhiteElo "2193"]
[BlackElo "2294"]
[PlyCount "51"]
[EventDate "2012.10.14"]
[EventType "team-tourn"]
[EventRounds "9"]
[EventCountry "GER"]
[SourceTitle "EXT 2014"]
[Source "ChessBase"]
[SourceDate "2013.11.20"]
[SourceVersion "1"]
[SourceVersionDate "2013.11.20"]
[SourceQuality "1"]
[WhiteTeam "Kuppenheim"]
[BlackTeam "Baden-Baden III"]
[WhiteTeamCountry "GER"]
[BlackTeamCountry "GER"]

1. Nf3 Nf6 2. g3 g6 3. Bg2 Bg7 4. 0-0 0-0 5. d3 d5 6. Nbd2 d4 7. e4 dxe3 8. fxe3 c5 9. a4 Nc6 10. Qe2 Be6 11. c3 Qd7 12. d4 Bh3 13. Nc4 Bxg2 14. Qxg2 Qe6 15. Nce5 Na5 16. b4 cxb4 17. cxb4 Nb3 18. Rb1 Bh6 19. g4 Nxc1 20. g5 Bg7 21. Rfxc1 Nd5 22. e4 Nf4 23. Qd2 f6 24. Nd3 Qg4+ 25. Kf2 fxg5 26. Nde1 0-1

[Event "Marseille op 5th"]
[Site "Marseille"]
[Date "2012.12.27"]
[Round "3"]
[White "Arnaudov, Petar G"]
[Black "Netzer, Jacques"]
[Result "1-0"]
[WhiteElo "2483"]
[BlackElo "2286"]
[PlyCount "85"]
[EventDate "2012.12.26"]
[EventType "swiss"]
[EventRounds "9"]
[EventCountry "FRA"]
[SourceTitle "EXT 2014"]
[Source "ChessBase"]
[SourceDate "2013.11.20"]
[SourceVersion "1"]
[SourceVersionDate "2013.11.20"]
[SourceQuality "1"]

1. d4 Nf6 2. c4 g6 3. Nc3 Bg7 4. e4 d6 5. h3 0-0 6. Nf3 e5 7. d5 Na6 8. Be3 Nc5 9. Nd2 a5 10. Be2 c6 11. g4 cxd5 12. cxd5 Ne8 13. h4 f5 14. g5 Bd7 15. a4 Nxa4 16. Nxa4 Bxa4 17. Qxa4 f4 18. Nc4 fxe3 19. fxe3 Ra6 20. Bg4 Nc7 21. Qd7 Qxd7 22. Bxd7 Rfa8 23. 0-0 b5 24. Na3 Rb8 25. Rac1 Ra7 26. Rc6 Bf8 27. Rfc1 Na6 28. Be6+ Kg7 29. Rf1 Nb4 30. Rc3 Nxd5 31. Bxd5 b4 32. Nb5 bxc3 33. Nxa7 cxb2 34. Rb1 a4 35. Nc6 Rb5 36. Ba2 Rc5 37. Nd8 Rc1+ 38. Kf2 Rc2+ 39. Kg3 Be7 40. Rf1 Bxd8 41. Rf7+ Kh8 42. Rf8+ Kg7 43. Rg8# 1-0

[Event "Marseille op 5th"]
[Site "Marseille"]
[Date "2012.12.26"]
[Round "4"]
[White "Netzer, Jacques"]
[Black "Thomas, Anysia"]
[Result "1-0"]
[WhiteElo "2286"]
[BlackElo "1817"]
[PlyCount "101"]
[EventDate "2012.12.26"]
[EventType "swiss"]
[EventRounds "9"]
[EventCountry "FRA"]
[SourceTitle "EXT 2014"]
[Source "ChessBase"]
[SourceDate "2013.11.20"]
[SourceVersion "1"]
[SourceVersionDate "2013.11.20"]
[SourceQuality "1"]

1. e4 c6 2. c4 g6 3. Nc3 Bg7 4. g3 d6 5. Bg2 Nf6 6. Nge2 Nbd7 7. 0-0 Nb6 8. d3 h5 9. h3 Bd7 10. a4 Rb8 11. Be3 c5 12. a5 Na8 13. Qd2 Qc8 14. Kh2 Nc7 15. f4 Nh7 16. d4 b6 17. axb6 axb6 18. e5 cxd4 19. Nxd4 dxe5 20. Nc6 Bxc6 21. Bxc6+ Kf8 22. fxe5 Bxe5 23. Bh6+ Bg7 24. Bf4 g5 25. Ra7 gxf4 26. Qxf4 Ng5 27. Qxg5 Bf6 28. Rxf6 exf6 29. Qxf6 Rh7 30. Qd6+ Kg7 31. Qxc7 Qxc7 32. Rxc7 Rd8 33. Bd5 Kf8 34. Rb7 Rd6 35. Ne4 Rg6 36. h4 Rhg7 37. Ng5 f5 38. Rb8+ Ke7 39. Ne6 Rg8 40. Rb7+ Kd6 41. Rxb6+ Ke5 42. Rb3 Rc8 43. Re3+ Kd6 44. b4 Rh6 45. b5 Rb8 46. Rd3 Ke5 47. Nf4 Rh7 48. Be6 Rc7 49. Rd5+ Ke4 50. Bxf5+ Ke3 51. Kg2 1-0

[Event "Pardubice Czech op-A 23rd"]
[Site "Pardubice"]
[Date "2012.07.20"]
[Round "1"]
[White "Netzer, Jacques"]
[Black "Oparin, Grigoriy"]
[Result "0-1"]
[WhiteElo "2239"]
[BlackElo "2480"]
[PlyCount "104"]
[EventDate "2012.07.12"]
[EventType "swiss"]
[EventRounds "9"]
[EventCountry "CZE"]
[SourceTitle "CBM 149 Extra"]
[Source "ChessBase"]
[SourceDate "2012.08.24"]
[SourceVersion "1"]
[SourceVersionDate "2012.08.24"]
[SourceQuality "1"]

1. e4 c5 2. Nf3 d6 3. d4 cxd4 4. Nxd4 Nf6 5. Nc3 a6 6. Be2 e6 7. 0-0 Be7 8. Be3 0-0 9. f4 Qc7 10. a4 Nc6 11. Kh1 Re8 12. Bd3 Nb4 13. a5 Bd7 14. Qf3 Bc6 15. Qg3 Bf8 16. Nb3 Rac8 17. Rae1 Nd7 18. Bg1 g6 19. f5 Nxd3 20. fxg6 fxg6 21. cxd3 Bg7 22. d4 Nf6 23. Qh3 e5 24. d5 Bd7 25. Qe3 Rf8 26. Qb6 Qb8 27. Nd2 Bh6 28. Be3 Bxe3 29. Rxe3 Qc7 30. Qxc7 Rxc7 31. Ref3 Kg7 32. Kg1 h5 33. b3 Bb5 34. R1f2 Nd7 35. Rxf8 Nxf8 36. Rf3 Nd7 37. Kf2 Nf6 38. h3 h4 39. b4 Nh5 40. Nxb5 axb5 41. a6 bxa6 42. Ra3 Nf4 43. Rxa6 Rc2 44. Ke3 Rc3+ 45. Kf2 Rg3 46. Rxd6 Rxg2+ 47. Ke1 Rg3 48. Rd7+ Kf6 49. Rh7 Rxh3 50. Nf1 g5 51. Kf2 g4 52. Ne3 Rf3+ 0-1

[Event "Oberliga Baden 1011"]
[Site "Baden"]
[Date "2011.01.16"]
[Round "5.5"]
[White "Mueller, Erich"]
[Black "Netzer, Jacques"]
[Result "1/2-1/2"]
[WhiteElo "2152"]
[BlackElo "2234"]
[PlyCount "59"]
[EventDate "2010.10.10"]
[EventType "team-tourn"]
[EventRounds "9"]
[EventCountry "GER"]
[SourceTitle "EXT 2012"]
[Source "ChessBase"]
[SourceDate "2011.11.24"]
[SourceVersion "1"]
[SourceVersionDate "2011.11.24"]
[SourceQuality "1"]
[WhiteTeam "Ladenburg"]
[BlackTeam "Baden-Baden III"]
[WhiteTeamCountry "GER"]
[BlackTeamCountry "GER"]

1. c4 e5 2. g3 Nf6 3. Bg2 h6 4. Nc3 Bb4 5. Nd5 Bc5 6. d3 c6 7. Nxf6+ Qxf6 8. e3 0-0 9. Ne2 Rd8 10. Nc3 Bb4 11. Qb3 Na6 12. 0-0 Bxc3 13. Qxc3 d5 14. cxd5 cxd5 15. d4 e4 16. f3 exf3 17. Bxf3 Bh3 18. Rf2 Qd6 19. Bd2 Nc7 20. e4 Nb5 21. Qc5 dxe4 22. Bxe4 Nxd4 23. Qxd6 Rxd6 24. Bxb7 Re8 25. Re1 Rxe1+ 26. Bxe1 Re6 27. Bd2 Rb6 28. Be3 Re6 29. Bd2 Rb6 30. Be3 1/2-1/2

[Event "Oberliga Baden 1011"]
[Site "Baden"]
[Date "2010.10.24"]
[Round "2.5"]
[White "Gierth, Hans Joachim"]
[Black "Netzer, Jacques"]
[Result "0-1"]
[WhiteElo "2216"]
[BlackElo "2234"]
[PlyCount "80"]
[EventDate "2010.10.10"]
[EventType "team-tourn"]
[EventRounds "9"]
[EventCountry "GER"]
[SourceTitle "EXT 2012"]
[Source "ChessBase"]
[SourceDate "2011.11.24"]
[SourceVersion "1"]
[SourceVersionDate "2011.11.24"]
[SourceQuality "1"]
[WhiteTeam "Dreisamtal"]
[BlackTeam "Baden-Baden III"]
[WhiteTeamCountry "GER"]
[BlackTeamCountry "GER"]

1. d4 Nf6 2. Bf4 g6 3. e3 Bg7 4. Nf3 d6 5. Be2 Nh5 6. Bg5 h6 7. Bh4 g5 8. Nfd2 Nf4 9. exf4 gxh4 10. Nf3 c5 11. 0-0 cxd4 12. Nbd2 Nc6 13. Re1 0-0 14. Nxh4 e5 15. Nhf3 f5 16. Nb3 Kh7 17. Bb5 Re8 18. g3 Be6 19. Bf1 Qf6 20. Bh3 e4 21. Nh4 Rac8 22. Qh5 Rf8 23. Rad1 a5 24. a4 d3 25. cxd3 Bxb3 26. Bxf5+ Kg8 27. dxe4 Bxd1 28. Rxd1 Rc7 29. g4 Nd4 30. g5 Qf7 31. Qg4 h5 32. Qh3 Ne2+ 33. Kh1 Nxf4 34. Qf3 Be5 35. g6 Qf6 36. Qb3+ Kh8 37. Nf3 Nxg6 38. Rg1 Nh4 39. Nxh4 Qxh4 40. h3 Qxf2 0-1

[Event "FRA-chT1 1011"]
[Site "France"]
[Date "2010.10.17"]
[Round "1.6"]
[White "Poignot, Quentin"]
[Black "Netzer, Jacques"]
[Result "1/2-1/2"]
[WhiteElo "2117"]
[BlackElo "2244"]
[PlyCount "53"]
[EventDate "2010.10.17"]
[EventType "team-tourn"]
[EventRounds "11"]
[EventCountry "FRA"]
[SourceTitle "EXT 2012"]
[Source "ChessBase"]
[SourceDate "2011.11.24"]
[SourceVersion "1"]
[SourceVersionDate "2011.11.24"]
[SourceQuality "1"]

1. e4 c5 2. Nf3 e6 3. d4 cxd4 4. Nxd4 Nc6 5. Nc3 Qc7 6. Be2 Nf6 7. 0-0 a6 8. Be3 Bb4 9. Na4 Be7 10. Nxc6 bxc6 11. Nb6 Rb8 12. Nxc8 Qxc8 13. Bd4 Qc7 14. e5 Nd5 15. c4 Nf4 16. Bf3 0-0 17. Re1 c5 18. Bc3 f6 19. Qd2 Ng6 20. Rad1 Nxe5 21. Bxe5 fxe5 22. Qxd7 Qxd7 23. Rxd7 Bf6 24. b3 Rbd8 25. Red1 Rxd7 26. Rxd7 Rd8 27. Rxd8+ 1/2-1/2

[Event "Oberliga Baden 1011"]
[Site "Baden"]
[Date "2010.10.10"]
[Round "1.6"]
[White "Grandadam, Patrick"]
[Black "Netzer, Jacques"]
[Result "0-1"]
[WhiteElo "2080"]
[BlackElo "2234"]
[PlyCount "66"]
[EventDate "2010.10.10"]
[EventType "team-tourn"]
[EventRounds "9"]
[EventCountry "GER"]
[SourceTitle "EXT 2012"]
[Source "ChessBase"]
[SourceDate "2011.11.24"]
[SourceVersion "1"]
[SourceVersionDate "2011.11.24"]
[SourceQuality "1"]
[WhiteTeam "Brombach"]
[BlackTeam "Baden-Baden III"]
[WhiteTeamCountry "GER"]
[BlackTeamCountry "GER"]

1. Nf3 Nf6 2. c4 g6 3. Nc3 Bg7 4. e4 d6 5. d4 0-0 6. Be2 e5 7. 0-0 Nc6 8. d5 Ne7 9. b4 Ne8 10. c5 f5 11. Qb3 Nf6 12. Ng5 h6 13. Ne6 Bxe6 14. dxe6 fxe4 15. cxd6 cxd6 16. Rd1 d5 17. Ba3 d4 18. b5 Re8 19. Rac1 d3 20. Nxe4 Nxe4 21. Bxd3 Qd4 22. Rc4 Qxf2+ 23. Kh1 Ng5 24. Bc5 Qf6 25. h4 Nxe6 26. Rf1 Nf5 27. Rg4 Kh8 28. Bg1 h5 29. Rxg6 Qxg6 30. Rxf5 Qg4 31. Bf2 Nd4 32. Qf7 Nxf5 33. Bxf5 Rf8 0-1

[Event "Pardubice Czech op-A 21st"]
[Site "Pardubice"]
[Date "2010.07.29"]
[Round "7"]
[White "Netzer, Jacques"]
[Black "Breder, Dennis"]
[Result "0-1"]
[WhiteElo "2208"]
[BlackElo "2429"]
[PlyCount "78"]
[EventDate "2010.07.23"]
[EventType "swiss"]
[EventRounds "9"]
[EventCountry "CZE"]
[SourceTitle "CBM 137 Extra"]
[Source "ChessBase"]
[SourceDate "2010.09.01"]
[SourceVersion "1"]
[SourceVersionDate "2010.09.01"]
[SourceQuality "1"]

1. e4 c5 2. Nf3 Nc6 3. d4 cxd4 4. Nxd4 e5 5. Nb5 d6 6. N1c3 a6 7. Na3 Be7 8. Nc4 b5 9. Ne3 Nf6 10. Bd3 0-0 11. 0-0 Rb8 12. Ncd5 Nxd5 13. Nxd5 Bg5 14. a4 Bxc1 15. Qxc1 Be6 16. axb5 axb5 17. Ne3 Qb6 18. Rd1 Nd4 19. b4 g6 20. Qb2 Nc6 21. c3 Ne7 22. Bc2 Qc6 23. Ra7 Nc8 24. Ra5 Nb6 25. Bb3 Qxe4 26. Rxb5 Qc6 27. Ra5 Rbc8 28. Ra6 Ra8 29. Nd5 Nc4 30. Bxc4 Qxc4 31. Rxd6 Ra2 32. Qc1 Rfa8 33. Nf6+ Kf8 34. Nxh7+ Kg7 35. Ng5 Bg4 36. Re1 Ra1 37. Qe3 Qf4 38. Nf3 Bxf3 39. gxf3 Qxe3 0-1

[Event "FRA-chT Top 16 Gp Haute"]
[Site "Guingamp"]
[Date "2010.06.06"]
[Round "11.7"]
[White "Netzer, Jacques"]
[Black "Vanheirzeele, Daniel"]
[Result "0-1"]
[WhiteElo "2230"]
[BlackElo "2128"]
[PlyCount "76"]
[EventDate "2010.06.03"]
[EventType "team-tourn"]
[EventRounds "11"]
[EventCountry "FRA"]
[SourceTitle "EXT 2011"]
[Source "ChessBase"]
[SourceDate "2010.11.26"]
[SourceVersion "1"]
[SourceVersionDate "2010.11.26"]
[SourceQuality "1"]
[WhiteTeam "Mulhouse Philidor"]
[BlackTeam "Noyon"]
[WhiteTeamCountry "FRA"]
[BlackTeamCountry "FRA"]

1. e4 c5 2. Nf3 d6 3. d4 cxd4 4. Nxd4 Nf6 5. Nc3 g6 6. g3 Nc6 7. Nde2 Bg7 8. Bg2 0-0 9. h3 Rb8 10. a4 a6 11. 0-0 b5 12. axb5 axb5 13. Nd5 Nd7 14. c3 e6 15. Ne3 Qc7 16. Nd4 Nxd4 17. cxd4 Bb7 18. d5 Nc5 19. dxe6 fxe6 20. Qg4 Qf7 21. Bd2 h5 22. Qe2 Bxe4 23. Bxe4 Nxe4 24. Bb4 Rfc8 25. Ra6 Qb7 26. Rfa1 Ra8 27. Rxa8 Rxa8 28. Rxa8+ Qxa8 29. Qxb5 Qa1+ 30. Kg2 Qxb2 31. Qe8+ Kh7 32. Be1 Qe5 33. Nc4 Qa1 34. Kf1 Qf6 35. Kg2 d5 36. Nd2 Nd6 37. Qc6 Nf7 38. Nf3 Qxf3+ 0-1

[Event "FRA-chT Top 16 Gp Haute"]
[Site "Guingamp"]
[Date "2010.06.03"]
[Round "8.7"]
[White "Marzolo, Cyril"]
[Black "Netzer, Jacques"]
[Result "0-1"]
[WhiteElo "2452"]
[BlackElo "2230"]
[PlyCount "48"]
[EventDate "2010.06.03"]
[EventType "team-tourn"]
[EventRounds "11"]
[EventCountry "FRA"]
[SourceTitle "EXT 2011"]
[Source "ChessBase"]
[SourceDate "2010.11.26"]
[SourceVersion "1"]
[SourceVersionDate "2010.11.26"]
[SourceQuality "1"]
[WhiteTeam "Marseille Echecs"]
[BlackTeam "Mulhouse Philidor"]
[WhiteTeamCountry "FRA"]
[BlackTeamCountry "FRA"]

1. d4 Nf6 2. c4 g6 3. Nc3 Bg7 4. Nf3 0-0 5. Bf4 c5 6. d5 d6 7. h3 Bf5 8. g4 Be4 9. Bg2 Bxf3 10. Bxf3 Na6 11. Qd2 Nc7 12. h4 Qd7 13. Rg1 b5 14. e4 bxc4 15. Bh6 Bxh6 16. Qxh6 Nb5 17. g5 Nd4 18. Bd1 Nxe4 19. Nxe4 Qf5 20. Ng3 Qf4 21. h5 Rab8 22. Rh1 Rxb2 23. Rh2 Nf5 24. Nxf5 gxf5 0-1

[Event "FRA-ch U16"]
[Site "Troyes"]
[Date "2010.04.17"]
[Round "8"]
[White "Aubry, Yannis"]
[Black "Netzer, Jacques"]
[Result "1-0"]
[WhiteElo "1965"]
[BlackElo "2215"]
[PlyCount "71"]
[EventDate "2010.04.11"]
[EventType "swiss"]
[EventRounds "9"]
[EventCountry "FRA"]
[SourceTitle "EXT 2012"]
[Source "ChessBase"]
[SourceDate "2011.11.24"]
[SourceVersion "1"]
[SourceVersionDate "2011.11.24"]
[SourceQuality "1"]

1. d4 Nf6 2. Nf3 g6 3. b4 Bg7 4. Bb2 d6 5. c4 0-0 6. e3 Nbd7 7. Be2 e5 8. Nc3 c6 9. 0-0 e4 10. Nd2 d5 11. Qb3 Nb6 12. cxd5 cxd5 13. a4 Be6 14. a5 Nc8 15. Rfc1 Ne7 16. b5 Nf5 17. b6 a6 18. Na4 h5 19. Rc7 Rb8 20. Nc5 Bc8 21. Rc1 Nh7 22. Rxc8 Rxc8 23. Ra1 Rb8 24. Bxa6 Ng5 25. Bxb7 Rxb7 26. Nxb7 Qc8 27. Nc5 Nh4 28. Qd1 Ne6 29. Nxe6 fxe6 30. a6 Nxg2 31. Kxg2 Qb8 32. Nf1 Qxb6 33. Ba3 Ra8 34. Bc5 Qd8 35. a7 Qg5+ 36. Kh1 1-0